Los hongos parásitos de las plantas /

Guardado en:
Autor Principal: Marchionatto, Juan B.
Formato: Libro
Idioma:Spanish
Publicado: Buenos Aires : Acmé, 1951.
Etiquetas: Agregar Etiqueta
Sin Etiquetas, Sea el primero en etiquetar este registro!
LEADER 00525nam a22001575a 4500
001 EUN.um042998
003 AR-BaUNS
005 20050623122913.0
008 041125s1951####ag#a##########000#0#spa#d
245 1 4 |a Los hongos parásitos de las plantas /  |c Juan B. Marchionatto. 
260 |a Buenos Aires :  |b Acmé,  |c 1951. 
300 |a 112 p. :  |b ilus. ;  |c 17,5 cm. 
100 1 |a Marchionatto, Juan B. 
082 0 4 |a 632.4 
859 |a Ar-BaUNS  |b BIB. CENTRAL - Sector C  |h 632.4  |i M332  |p 2631/956 
859 |a Ar-BaUNS  |b Dto. Agronomia  |h 632.4  |i M332  |p 2430/962  |t Ej.2